Vision 2025 Socio Economic Inequalities: Why does India,s Economic Growth Need an Inclusive Agenda/ (Record no. 178431)

MARC details
000 -LEADER
fixed length control field 00863nam a22002057a 4500
005 - DATE AND TIME OF LATEST TRANSACTION
control field 20210330172758.0
010 ## - LCCN (DPL NO)
LC control number ENG-129341
020 ## - INTERNATIONAL STANDARD BOOK NUMBER
International Standard Book Number 978-93-89965-74-2
Terms of availability 995.00
035 ## - SYSTEM CONTROL NUMBER
System control number EN-112873
037 ## - SOURCE OF ACQUISITION
Source of stock number/acquisition DBAD/PUB
082 ## - DEWEY DECIMAL CLASSIFICATION NUMBER
Classification number 305.6970954
245 ## - TITLE STATEMENT
Title Vision 2025 Socio Economic Inequalities: Why does India,s Economic Growth Need an Inclusive Agenda/
Statement of responsibility, etc Edited by Amir Ullah Khan and Abdul Azim Akhtar
260 ## - PUBLICATION, DISTRIBUTION, ETC. (IMPRINT)
Place of publication, distribution, etc New Delhi
Name of publisher, distributor, etc Institute of Objective Studies
Date of publication, distribution, etc 2018
270 ## - ADDRESS
Address 162, Jogabai Main Road, Jamia Nagar
City New Delhi
Postal code 110025
Telephone number 011-26981187, 26989253
Fax number 91 11 26981104
Electronic mail address ios.newdelhi@gmail.com
300 ## - PHYSICAL DESCRIPTION
Extent lxix+327p.
Dimensions 28cm(pbk)
Other physical details Including illustrations and tables.
500 ## - GENERAL NOTE
General note With a Foreward by Amitabh Kundu
700 ## - ADDED ENTRY--PERSONAL NAME
Personal name Khan, Amir Ullah, Ed.
700 ## - ADDED ENTRY--PERSONAL NAME
Personal name Akhtar, Abdul Azim, Ed.
942 ## - ADDED ENTRY ELEMENTS (KOHA)
Source of classification or shelving scheme Dewey Decimal Classification
Item type English Books
Classification part 305.6970954
Call number suffix VIS
Holdings
Withdrawn status Lost status Not for loan Collection code Home library Current library Date acquired Source of acquisition Cost, normal purchase price Full call number Barcode Copy number Cost, replacement price Koha item type
      Non-fiction Central Library Central Library 30/03/2021 DBAD/PUB 995.00 305.6970954 VIS EN-112873 1 995.00 English Books

© Delhi Public Library
Hit Counter
free hit counter